<?xml version="1.0" encoding="UTF-8"?>
<record
    xmlns:xsi="http://www.w3.org/2001/XMLSchema-instance"
    xsi:schemaLocation="http://www.loc.gov/MARC21/slim http://www.loc.gov/standards/marcxml/schema/MARC21slim.xsd"
    xmlns="http://www.loc.gov/MARC21/slim">

  <leader>01901nam a22003254i 4500</leader>
  <controlfield tag="003">PE-LiUPU</controlfield>
  <controlfield tag="005">20260217111616.0</controlfield>
  <controlfield tag="008">20260212s2014    ag a    rb    000 0 spa d</controlfield>
  <datafield tag="020" ind1=" " ind2=" ">
    <subfield code="a">9789877012644</subfield>
  </datafield>
  <datafield tag="035" ind1=" " ind2=" ">
    <subfield code="a">PE-LiUPU000000</subfield>
  </datafield>
  <datafield tag="040" ind1=" " ind2=" ">
    <subfield code="a">PE-LiUPU</subfield>
    <subfield code="b">spa</subfield>
    <subfield code="c">PE-LiUPU</subfield>
    <subfield code="e">rda</subfield>
  </datafield>
  <datafield tag="082" ind1="0" ind2="4">
    <subfield code="a">370.11</subfield>
    <subfield code="b">K69f</subfield>
    <subfield code="2">23</subfield>
  </datafield>
  <datafield tag="100" ind1="1" ind2=" ">
    <subfield code="a">Knight, George R.,</subfield>
    <subfield code="e">autor.</subfield>
  </datafield>
  <datafield tag="245" ind1="1" ind2="0">
    <subfield code="a">Filosof&#xED;a y educaci&#xF3;n :</subfield>
    <subfield code="b">una introducci&#xF3;n en la perspectiva cristiana /</subfield>
    <subfield code="c">George R. Knight.</subfield>
  </datafield>
  <datafield tag="250" ind1=" " ind2=" ">
    <subfield code="a">Primera edici&#xF3;n.</subfield>
  </datafield>
  <datafield tag="264" ind1=" " ind2="1">
    <subfield code="a">Florida, Buenos Aires :</subfield>
    <subfield code="b">Asociaci&#xF3;n Casa Editora Sudamericana,</subfield>
    <subfield code="c">2014.</subfield>
  </datafield>
  <datafield tag="300" ind1=" " ind2=" ">
    <subfield code="a">280 p&#xE1;ginas :</subfield>
    <subfield code="b">ilustraciones ;</subfield>
    <subfield code="c">23 cm</subfield>
  </datafield>
  <datafield tag="336" ind1=" " ind2=" ">
    <subfield code="a">text</subfield>
    <subfield code="2">rdacontent</subfield>
  </datafield>
  <datafield tag="337" ind1=" " ind2=" ">
    <subfield code="a">unmediated</subfield>
    <subfield code="2">rdamedia</subfield>
  </datafield>
  <datafield tag="338" ind1=" " ind2=" ">
    <subfield code="a">volume</subfield>
    <subfield code="2">rdacarrier</subfield>
  </datafield>
  <datafield tag="504" ind1=" " ind2=" ">
    <subfield code="a">Incluye bibliograf&#xED;a e &#xED;ndice general alfab&#xE9;tico.</subfield>
  </datafield>
  <datafield tag="505" ind1="0" ind2=" ">
    <subfield code="a">Conceptos b&#xE1;sicos -- La naturaleza de la filosof&#xED;a y la educaci&#xF3;n -- Temas filos&#xF3;ficos en educaci&#xF3;n -- Las filosof&#xED;as tradicionales y la educaci&#xF3;n -- Las filosof&#xED;as modernas y la educaci&#xF3;n -- El impulso posmoderno -- Teor&#xED;as contempor&#xE1;neas de educaci&#xF3;n -- Filosof&#xED;a anal&#xED;tica y educaci&#xF3;n -- Filosof&#xED;a y educaci&#xF3;n cristiana -- La necesidad de elaborar una filosof&#xED;a personal de la educaci&#xF3;n -- Un planteamiento cristiano de la filosof&#xED;a -- Un enfoque cristiano de la educaci&#xF3;n -- Otra palabra al lector.</subfield>
  </datafield>
  <datafield tag="520" ind1=" " ind2=" ">
    <subfield code="a">Obra introductoria que analiza la relaci&#xF3;n entre filosof&#xED;a y educaci&#xF3;n desde una perspectiva cristiana, abordando corrientes filos&#xF3;ficas tradicionales y contempor&#xE1;neas, y proponiendo fundamentos para una filosof&#xED;a cristiana de la educaci&#xF3;n.</subfield>
  </datafield>
  <datafield tag="650" ind1="1" ind2="4">
    <subfield code="a">Filosof&#xED;a de la educaci&#xF3;n.</subfield>
    <subfield code="9">5207</subfield>
  </datafield>
  <datafield tag="650" ind1="1" ind2="4">
    <subfield code="a">Educaci&#xF3;n cristiana.</subfield>
    <subfield code="9">7941</subfield>
  </datafield>
  <datafield tag="650" ind1="1" ind2="4">
    <subfield code="a">Cristianismo</subfield>
    <subfield code="x">Educaci&#xF3;n.</subfield>
  </datafield>
  <datafield tag="700" ind1="1" ind2=" ">
    <subfield code="a">Brunelli, Claudia,</subfield>
    <subfield code="e">directora.</subfield>
  </datafield>
  <datafield tag="942" ind1=" " ind2=" ">
    <subfield code="2">ddc</subfield>
    <subfield code="c">BK</subfield>
  </datafield>
  <datafield tag="980" ind1=" " ind2=" ">
    <subfield code="6">18228</subfield>
    <subfield code="a">Rebeca Esther Huerta Leyton</subfield>
    <subfield code="8">18226</subfield>
    <subfield code="g">Jaime Vilcaz&#xE1;n Jefe de An&#xE1;lisis Documental</subfield>
  </datafield>
  <datafield tag="999" ind1=" " ind2=" ">
    <subfield code="c">63267</subfield>
    <subfield code="d">63266</subfield>
  </datafield>
  <datafield tag="952" ind1=" " ind2=" ">
    <subfield code="r">2026-03-15 14:29:25</subfield>
    <subfield code="l">0</subfield>
    <subfield code="o">370.11 K69f</subfield>
    <subfield code="p">83044</subfield>
    <subfield code="t">e1</subfield>
    <subfield code="v">23.00</subfield>
    <subfield code="w">2026-02-12</subfield>
    <subfield code="x">FACTEO</subfield>
    <subfield code="y">BK</subfield>
    <subfield code="1">0</subfield>
    <subfield code="2">ddc</subfield>
    <subfield code="5">0</subfield>
    <subfield code="7">0</subfield>
    <subfield code="8">GEN</subfield>
    <subfield code="f">P35</subfield>
    <subfield code="a">BUL</subfield>
    <subfield code="b">BUL</subfield>
    <subfield code="c">GEN</subfield>
    <subfield code="d">2025-12-15</subfield>
    <subfield code="e">Donaci&#xF3;n, David Echevarr&#xED;a</subfield>
  </datafield>
</record>
